Países que acaban por la letra E - Estadísticas

Estadísticas generales
  • Esta prueba ha sido intentada 37 veces
  • La puntuación promedio es 6 de 9
Estadísticas de respuestas
País % Correcto
Chile
88%
Chipre
72%
Belice
66%
Zimbabue
66%
Corea del Norte
63%
Santo Tomé y Príncipe
63%
Cabo Verde
56%
Macedonia del Norte
47%
Mozambique
34%
No se encontraron pruebas coincidentes
Distribución de puntuación
Porcentaje de gente con cada puntuación
Porcentaje por número respondido
Historial de tus puntuaciones
No has intentado esta prueba.